Exercises in classifying motor vehicle trafficway accidents : designed for training in use of Manual on classification of motor vehicle traffic accidents, second revision, American National Standard D16.1-1970 /

Saved in:
Bibliographic Details
Corporate Authors: Northwestern University, Evanston, Ill. Traffic Institute, National Safety Council. Traffic Accident Data Project Steering Committee
Format: Book
Language:English
Published: Chicago, Ill. : National Safety Council, 1970.
Series:TAD project training manual ; no. 2
Subjects:
LEADER 01445cam a2200253 a 4500
001 c000230071
003 CARM
005 20070222103521.0
008 920825s1970 ilua 000 0 eng d
019 1 |a 9216642  |5 LACONCORD2021 
035 |a (OCoLC)221127738  |5 LACONCORD2021 
040 |a VU  |b eng  |c VU  |d VU  |d VCAV 
245 0 0 |a Exercises in classifying motor vehicle trafficway accidents :  |b designed for training in use of Manual on classification of motor vehicle traffic accidents, second revision, American National Standard D16.1-1970 /  |c prepared by the Northwestern University Traffic Institute under the direction of the Traffic Accident Data Project Steering Committee of the National Safety Council's Traffic Conference. 
260 |a Chicago, Ill. :  |b National Safety Council,  |c 1970. 
300 |a v, 36 p. :  |b chiefly ill. ;  |c 28 cm. 
440 0 |a TAD project training manual ;  |v no. 2 
650 0 |a Traffic accidents. 
650 0 |a Traffic accident investigations. 
710 2 |a Northwestern University, Evanston, Ill.  |b Traffic Institute. 
710 2 |a National Safety Council.  |b Traffic Accident Data Project Steering Committee. 
740 0 |a Manual on classification of motor vehicle traffic accidents. 
852 8 |b CARM  |h A1:AP05C0  |i F01465  |p 0352504  |f BK 
999 f f |i 331c9d40-cdf1-55cf-bf77-9f2077e9501c  |s 92ea9806-b1f7-5804-aea4-602298d507f4 
952 f f |p Can circulate  |a CAVAL  |b CAVAL  |c CAVAL  |d CARM 1 Store  |e F01465  |f A1:AP05C0  |h Other scheme  |i book  |m 0352504